000 00329 a2200169 4500
001 183079
020 _a
040 _cMagnum
100 _aQuadros, Janio
240 1 0 _a15 Contos
_lpor
245 1 0 _a15 Contos
300 _a191
362 0 _a1983
440 1 _aNova Fronteira
697 _aLITERATURA GERAL
942 _cBK
999 _c183079
_d183079